| 000 | 00656nam a22001937a 4500 | ||
|---|---|---|---|
| 999 |
_c173350 _d173350 |
||
| 005 | 20200221165530.0 | ||
| 010 | _aUR-10706 | ||
| 020 |
_c160.00 _a9789389733082 |
||
| 035 | _aU-9261 | ||
| 037 |
_bDBAD/PUB _a- |
||
| 082 | _a841 | ||
| 100 | _aعبد المتين جا می | ||
| 245 |
_aمحبو س نغمے(منظو ما ت) _cعبد المتين جا می |
||
| 246 |
_bMahboos Naghme(Poems)(Urdu) _aby Abdul Matin Jami |
||
| 260 |
_aDelhi _bEducational Publishing House _c2019 ء |
||
| 270 |
_a3191,Vakil Street, Kucha Pandit Lal Kuan, _bDelhi _e110006 _k- _l- |
||
| 300 |
_a152 ص _c22 Cm(Hb) |
||
| 942 |
_2ddc _cUR _h841 _mج ا م |
||